Exposición del señor Viceministro de relaciones exteriores sobre la política exterior de El Salvador

Bewaard in:
Bibliografische gegevens
Coauteur: El Salvador. Ministerio de Relaciones Exteriores. Viceministro
Formaat: Texto
Gepubliceerd in: s.l.: s.e.
Tags: Voeg label toe
Geen labels, Wees de eerste die dit record labelt!

MARC

LEADER 00000 a a2200000 04500
001 23766
003
040
090 |a 168100  
110 |a El Salvador. Ministerio de Relaciones Exteriores. Viceministro  
245 |a Exposición del señor Viceministro de relaciones exteriores sobre la política exterior de El Salvador  
260 |a s.l.:   |b s.e.  
300 |a 14 p.; 2 copias  
999 |c 12894  |d 12894